The global competitiveness report 2004-2005 (Record no. 50729)

MARC details
000 -LEADER
fixed length control field 00484nam a2200169Ia 4500
008 - FIXED-LENGTH DATA ELEMENTS--GENERAL INFORMATION
fixed length control field 191130s2004##################000#0#eng##
020 ## - INTERNATIONAL STANDARD BOOK NUMBER
ISBN 9781403949134
082 ## - DEWEY DECIMAL CLASSIFICATION NUMBER
Classification number 338.6048 POR
100 ## - MAIN ENTRY--AUTHOR NAME
Personal name Porter, Michael E
245 ## - TITLE STATEMENT
Title The global competitiveness report 2004-2005
Statement of responsibility, etc Michael E.Porter
260 ## - PUBLICATION, DISTRIBUTION, ETC. (IMPRINT)
Place of publication New York
Name of publisher [publisher not identified]
Year of publication 2004
650 ## - SUBJECT ADDED ENTRY--TOPICAL TERM
Topical Term Economics
991 ## -
-- 260822
Holdings
Withdrawn status Lost status Damaged status Not for loan Home library Current library Shelving location Date acquired Full call number Accession Number Price effective from Koha item type
        Anna Centenary Library Anna Centenary Library 4TH FLOOR, A WING 09.10.2020 338.6048 POR 320502 09.10.2020 English Books

Find us on the map